| 000 | 00447nam a22001697a 4500 | ||
|---|---|---|---|
| 999 |
_c525637 _d525637 |
||
| 003 | NUST | ||
| 038 | _awaseem | ||
| 082 |
_a891.4911 _bAHS |
||
| 100 |
_aAhsan Ullah Tahir _916564 |
||
| 245 |
_aJahazay / _cAhsan Ullah Tahir |
||
| 260 |
_aLahore : _bPakistan Punjabi Fiqari Sanjh, _c2010. |
||
| 300 | _a288 p. ; | ||
| 500 | _aPaperback. | ||
| 880 |
_6100-01\r _aاحسان اللہ طاہر |
||
| 880 |
_6245-02\r _aجائزے / |
||
| 942 |
_2ddc _cBK |
||